Statistiques concernant Culture Générale - Série 183

Cliquez ici pour prendre le quiz!

Statistiques générales

  • Ce quiz a été pris 240 fois
  • Le résultat moyen est 7 sur 10

Statistiques - réponses

QuestionRéponse% Correct
Quel est le continent le plus peuplé ?Asie
99%
Dans quel océan se situe le golfe de Gascogne ?L'océan Atlantique
95%
Quel animal est Scoubidou dans la série de dessins animés du même nom ?Un chien
95%
Quel point cardinal est associé au ponant ?L'Ouest
92%
Dans quel art Antoine Watteau s'est-il illustré ?La peinture
81%
Quel nom porte la larve du papillon ?Chenille
73%
Quelle loi est associée à l'expression "oeil pour oeil, dent pour dent" ?La loi du talion
69%
Quel petit gâteau est la spécialité de la ville de Commercy ?La madeleine
50%
Quel est le nom du site de lancement des fusées russes ?Baïkonour
36%
Comment s'appelle la mère Ingalls dans "La Petite Maison dans la prairie" ?Caroline
25%

Distribution des résultats

Percentile par nombre de réponses

% des personnes avec chaque résultat

Votre développement - résultats

Vous n’avez pas pris ce quiz